Miasta województwa małopolskiego - Statystyki

Ogólne statystyki
  • Ten quiz został rozwiązany 226 razy
  • Średni wynik to 29 z 65
Statystyki odpowiedzi
Powiat Miasto % Poprawnych
Krakowski Kraków
95%
Miasta na prawach powiatu Kraków
95%
Bocheński Bochnia
92%
Nowy Sącz
92%
Nowy Sącz
92%
Tarnów
92%
Tarnów
92%
Wadowice
89%
Wieliczka
88%
Oświęcim
87%
Tatrzański Zakopane
86%
Gorlice
85%
Chrzanów
84%
Limanowski Limanowa
84%
Nowotarski Nowy Targ
83%
Olkusz
83%
Brzeski Brzesko
81%
Myślenice
81%
Miechowski Miechów
79%
Proszowice
65%
Stary Sącz
58%
Dąbrowski Dąbrowa Tarnowska
55%
Sucha Beskidzka
45%
Skawina
43%
Krynica-Zdrój
41%
Rabka-Zdrój
40%
Wadowicki Andrychów
38%
Wielicki Niepołomice
38%
Kalwaria Zebrzydowska
35%
Zator
34%
Trzebinia
33%
Szczawnica
32%
Nowosądecki Grybów
28%
Mszana Dolna
28%
Muszyna
28%
Piwniczna-Zdrój
28%
Chrzanowski Alwernia
26%
Kęty
25%
Maków Podhalański
25%
Krzeszowice
24%
Wolbrom
24%
Żabno
24%
Myślenicki Dobczyce
23%
Suski Jordanów
23%
Libiąż
23%
Nowy Wiśnicz
22%
Wojnicz
22%
Skała
21%
Tuchów
21%
Gorlicki Biecz
20%
Nowe Brzesko
20%
Szczucin
19%
Bobowa
17%
Czchów
17%
Zakliczyn
17%
Tarnowski Ciężkowice
16%
Proszowicki Koszyce
16%
Słomniki
16%
Sułkowice
16%
Oświęcimski Brzeszcze
15%
Olkuski Bukowno
15%
Chełmek
13%
Ryglice
12%
Świątniki Górne
12%
Radłów
8%
Nie znaleziono quizów pasujących do podanych kryteriów
Rozkład punktacji
Procent ludzi z każdym wynikiem
Percentyl według liczby udzielonych odpowiedzi
Twoja historia wyników
Nie rozwiązałeś tego quizu